Countries with “Ch” in their Name - Statistics

General Stats
  • This quiz has been taken 63 times
  • The average score is 4 of 6
Answer Stats
Answer % Correct
China
92%
Chile
85%
Chad
69%
Czech Republic
54%
Liechtenstein
54%
Seychelles
31%
No matching quizzes found
Score Distribution
Percent of People with Each Score
Percentile by Number Answered
Your Score History
You have not taken this quiz